000 00306nam a22001457a 4500
008 210521b ||||| |||| 00| 0 eng d
020 _a9781118138601
041 _aeng
080 _a658
082 _a658
100 _a54
101 _aLID
245 _aLeverage Leadership
_cLemov,D
942 _2udc
_cBK
999 _c57559
_d57559